| 000 | 00898nam a2200253 a 4500 | ||
|---|---|---|---|
| 001 | 000043566 | ||
| 005 | 20201002044844.0 | ||
| 008 | 140326s2014 dr r 000 p spa d | ||
| 020 | _a9789945583724 | ||
| 040 |
_aDO-SdBNP _bspa _cBNPHU |
||
| 082 |
_a861.44 _bF639v |
||
| 100 | 1 |
_aFloro, Marie-Aimée _971381 |
|
| 245 | 1 | 0 |
_a21 Poemas que van y vienen / _cMarie-Aimée Floro; prólogo Maurice Belrose. |
| 246 | 1 | 2 | _aVeintiun poemas que van y vienen. |
| 260 |
_aSanto Domingo : _bSantuario, _c2014. |
||
| 300 |
_a84 p. ; _c23 cm. |
||
| 500 | _aTexto en español y francés | ||
| 500 | _aIncluye datos biografícos de la autora en las solapas. | ||
| 590 | _aInventariado, 2018/BT | ||
| 650 | 4 |
_aPoesía francesa _zIsla De Martinica _971382 |
|
| 650 | 4 |
_aLiteratura francesa _zIsla De Martinica _971383 |
|
| 700 | 1 | 2 |
_aBelrose, Maurice, _eprol. _971384 |
| 910 | _aValidado. Control de calidad. MFF | ||
| 999 |
_c43055 _d43055 |
||